[Event "Dyfed Major 2019"]
[Site "?"]
[Date "2019.02.24"]
[Round "5"]
[White "Greenwood, Ray"]
[Black "Bevan, Paul"]
[Result "1-0"]
[WhiteElo "1304"]
[BlackElo "1300"]
[Annotator "user,mesh"]
[PlyCount "132"]
[EventDate "2019.??.??"]

{[%evp 0,132,5,38,41,38,36,40,24,31,52,-3,171,163,169,155,147,74,74,74,68,46,
124,89,366,304,412,-7,-7,71,69,-39,-39,-17,-17,-203,-197,-221,-30,-232,228,
-382,310,-422,-215,-233,-169,-209,-144,-156,-160,-162,-164,-163,-145,-191,-156,
-187,-168,-154,-161,-208,-159,-210,-187,-223,-225,-225,-225,-225,-215,-155,
-195,-236,-246,-246,-235,-253,-202,-261,-245,-245,-188,-195,-195,-192,-195,
-197,-190,-189,-190,-185,-185,-190,-151,-143,-138,-240,-230,-236,-68,-217,0,0,
0,0,0,0,0,0,0,0,0,0,1015,178,1002,1016,1016,1022,1250,1954,2815,1032,1032,
29964,29961,29962,29961,29968,29967,29968,29989,29990,29993]} 1. e4 e6 2. d4 d5
3. Nc3 Bb4 4. Bd3 (4. e5 {main}) 4... c5 (4... dxe4 {main} 5. Bxe4 Nf6) 5. a3 (
5. exd5) 5... Qa5 $146 (5... Bxc3+ 6. bxc3 c4 7. Be2 dxe4 (7... Nf6) (7... Qa5
8. Bd2 {J Polgar-Korchnoy, Women-Veterans, Prague 1995,1/2-1/2})) 6. Bd2 $18 (
6. axb4 Qxa1 7. Nb5 Na6 8. dxc5 $18 {Komodo12- certainly looks promising for Wh
}) 6... Bxc3 7. Bxc3 Qc7 8. Nf3 (8. dxc5 Nf6 9. Bxf6 (9. exd5 exd5 10. Qf3 Qe7+
11. Ne2 Nbd7 12. Qg3 O-O 13. b4 $18 {Komodo12}) 9... gxf6 10. exd5 Qxc5 11.
dxe6 (11. Nf3 Qxd5 12. O-O) 11... Bxe6 12. Nf3 $18 {Komodo12}) 8... c4 9. Be2
dxe4 10. Ne5 $14 b5 11. d5 $16 (11. a4 $16) 11... exd5 (11... Nf6 12. d6 Qb7
13. a4 $16 {Komodo12}) 12. Qxd5 $18 Bb7 13. Qd4 (13. Qxb5+ Nc6 14. Bxc4 $18 {
Komodo12}) 13... f6 14. Bh5+ (14. Ng4 $14) 14... g6 15. Nxg6 (15. Be2 $16 Qb6 (
15... fxe5 16. Qxe5+ Qxe5 17. Bxe5 Nf6 18. Bxf6 O-O 19. Bg5 $16) 16. Qxb6 axb6
17. Ng4 Nd7 18. O-O-O $16 {Komodo12}) 15... hxg6 16. Bxg6+ Kf8 17. Bb4+ (17.
O-O-O $11 {Wh has a lot of activity for the piece, Bl must defend carefully})
17... Kg7 $15 18. Bxe4 Na6 (18... Rh4 19. f3 Bxe4 20. O-O-O Nc6 21. Qf2 Rxh2
$19 {Komodo12}) 19. O-O-O (19. Bxb7 $1 Nxb4 (19... Qxb7 20. Qg4+ Kh7 21. O-O-O
Nb8 (21... Nxb4 22. Rd7+ $18) 22. Rhe1 $18 {the Bl Rs are useless spectators})
20. Qg4+ Kf8 21. Bxa8 Nxc2+ 22. Ke2 Nxa1 23. Rxa1 Qe5+ 24. Kf3 Qxb2 25. Qc8+
Kg7 26. Qc7+ Kh6 27. Re1 $14 {Komodo12}) 19... Nxb4 (19... Qf4+ 20. Rd2 Qxe4
21. Qd7+ Kg6 22. f3 Bc8 23. fxe4 Bxd7 24. Rxd7 Nxb4 25. axb4 Nh6 $17 {Komodo12}
) 20. axb4 (20. Qd7+ {the obvious recapture is not always the best- Topalov:
Gibraltar Masterclass} Qxd7 21. Rxd7+ Kh6 22. Bxb7 $18 {Komodo12}) 20... Nh6
21. Rhg1 {attacking the K via a different route; but all forcing moves (
checks, captures) in a game should be looked at carefully} (21. Qd7+ $18) 21...
Bxe4 (21... Qf4+ {Bl should be looking as well} 22. Kb1 Rhd8 $19 (22... Qxe4
$19 {Komodo12})) 22. Qxe4 Rhe8 (22... a5 $19 {opens up the Wh K position}) 23.
Qf3 Rad8 24. g4 Rxd1+ (24... Qxh2 25. g5 Rxd1+ 26. Qxd1 Qf4+ 27. Kb1 fxg5 28.
Qd7+ Kf8 29. Qxb5 Nf7 $17 {Komodo12}) 25. Rxd1 Qe5 26. h4 Re7 (26... Nf7) 27.
g5 {Wh's only chance is to keep threatening the K} fxg5 28. hxg5 Qxg5+ 29. Kb1
Rf7 30. Qc3+ Qf6 (30... Kh7) 31. Rg1+ Kh7 32. Qe3 Qxf2 33. Qe4+ Qf5 34. Qc6 Rg7
35. Rh1 Qg5 36. Qe4+ Qg6 37. Qd5 a6 38. Re1 Qg3 39. Rd1 (39. Re6) 39... Qg2 40.
Qd6 Qe2 (40... Nf5 {the N needs to stop behaving as a big pawn in order to
make something of Bl's advantage}) 41. Rh1 Qe3 42. Qxa6 Rg1+ 43. Rxg1 Qxg1+ 44.
Ka2 Qg5 45. Qb7+ Kg6 46. Qc6+ Kh5 (46... Kg7 47. Qd7+ Nf7 {Komodo12- but how
is Bl to make progress?}) 47. Qe8+ Kh4 48. b3 (48. Qe1+ Kh3 49. Qh1+ Kg3 50.
Qg1+ Kf4 51. Qf2+ {Wh can just keep giving chase}) 48... cxb3+ 49. Kxb3 Qg3+ (
49... Qd5+ 50. Kb2 Nf5 {Komodo12- perhaps some signs of Bl activity}) 50. c3
Qg8+ {Bl forces off Qs, but has no more than a draw at best, as both his N & K
are far away from the Q side.} 51. Qxg8 Nxg8 {With best play its a draw-
Naliomov tablebases, but Wh is the only one who has winning chances.} 52. Kc2 (
52. c4 {gets rid of Bl's last pawn to ensure the draw. But Wh does right to
aim for more.}) 52... Nf6 53. Kd3 Nd5 54. Kd4 Nc7 {too defensive} (54... Nb6 {
ensures the draw} 55. Kc5 Na4+ 56. Kxb5 Nxc3+ 57. Kc4 Na4) 55. Kc5 Kg4 56. Kc6
Na8 $2 {and the N goes to its worst square} (56... Ne8 {is fine} 57. Kxb5 Kf5
58. c4 Ke6 59. c5 Kd7 $11) (56... Ne6 {also holds , though gets in the way of
the K return} 57. Kxb5 Nd8 58. c4 Kf5 59. c5 Ke6 $11) 57. Kxb5 (57. Kb7 {
winning the N is quickest , as the Bl K is still miles away}) 57... Kf5 (57...
Nc7+ {could at least be attemped, when only} 58. Kc6 {wins}) 58. Kc6 Ke4 59. c4
(59. Kb7 {also since the Wh pawns protect one another}) 59... Kd4 60. c5 Kc4
61. b5 Nc7 62. Kxc7 {which pawn do you want? You can't have both.} Kxb5 63. c6
Kc5 64. Kb7 Kd6 65. c7 Kd7 66. c8=Q+ Kd6 {Scoresheets are pretty much
illegible and inconsistent with each other from now on but White delivered
mate with either 74. Qg5 or 75. Qg5 against the Black king on h4 or h5. The
whereabouts of the White king is currently unclear...(Paul) with best play
it's a mate in 4.(Komodo12)} (66... Kd6 67. Qf5 Ke7 68. Kc6 Ke8 69. Kd6 Kd8 70.
Qf8#) 1-0